| 000 | 00388nam a2200157Ia 4500 | ||
|---|---|---|---|
| 003 | OSt | ||
| 008 | 191201s2006 xx 000 0 und d | ||
| 020 | _a9780074517802 | ||
| 082 |
_a659.1 _bMOA |
||
| 100 | _aMOHAN, Manendra | ||
| 245 | 0 | _aAdvertising Management Concepts and Cases | |
| 260 |
_aNew Delhi _bMcGraw Hill Education _c2006 |
||
| 300 | _a418 | ||
| 650 | _aMBA | ||
| 942 |
_2ddc _cBK |
||
| 999 |
_c3162 _d3162 |
||